[Event "40th Olympiad Women"]
[Site "Istanbul TUR"]
[Date "2012.09.01"]
[Round "5.17"]
[Board "4"]
[White "Arribas Robaina, Maritza"]
[Black "Michna, Marta"]
[Result "0-1"]
[WhiteTitle "WGM"]
[BlackTitle "WGM"]
[WhiteElo "2296"]
[BlackElo "2380"]
[WhiteTeam "Cuba"]
[BlackTeam "Germany"]
[WhiteFideId "3501418"]
[BlackFideId "1106686"]
[EventDate "2012.08.28"]

1. e4 e6 2. d4 d5 3. Nd2 Nf6 4. e5 Nfd7 5. Bd3 c5 6. c3 Nc6 7. Ne2 cxd4 8. cxd4
f6 9. exf6 Qxf6 10. Nf3 Bd6 11. Bg5 Qf7 12. Be3 h6 13. O-O O-O 14. Ng3 Rd8 15.
Nh4 Nf6 16. Ng6 e5 17. dxe5 Nxe5 18. Nxe5 Bxe5 19. Qc2 Ng4 20. Rae1 Bd7 21. h3
Nxe3 22. fxe3 Qe7 23. Nh5 Rac8 24. Qe2 Qb4 25. Nf4 Qd6 26. Bb1 g5 27. Nh5 Be8
28. Rd1 Qe7 29. b3 Rc3 30. Kh1 Bh8 31. Rd3 Bb5 32. a4 Bxd3 33. Bxd3 Rf8 34. Rd1
Be5 35. Qg4 Rxd3 0-1

[Event "40th Olympiad Women"]
[Site "Istanbul TUR"]
[Date "2012.09.01"]
[Round "5.18"]
[Board "1"]
[White "Franco Valencia, Angela"]
[Black "Muminova, Nafisa"]
[Result "0-1"]
[WhiteTitle "WFM"]
[BlackTitle "WIM"]
[WhiteElo "2170"]
[BlackElo "2329"]
[WhiteTeam "Colombia"]
[BlackTeam "Uzbekistan"]
[WhiteFideId "4403070"]
[BlackFideId "14201526"]
[EventDate "2012.08.28"]

1. e4 e6 2. d4 d5 3. Nd2 Nf6 4. e5 Nfd7 5. Bd3 c5 6. c3 Nc6 7. Ne2 cxd4 8. cxd4
f6 9. Nf4 Nxd4 10. Qh5+ Ke7 11. exf6+ Nxf6 12. Ng6+ hxg6 13. Qxh8 Kf7 14. O-O e5
15. Nb3 Nxb3 16. axb3 Bf5 17. Bxf5 gxf5 18. Bg5 Bc5 19. Qh3 Qd7 20. Bxf6 Kxf6
21. Rac1 Bd4 22. Rcd1 Qe6 23. Rd3 Rc8 24. Qh4+ Kf7 25. Rh3 e4 26. Qh5+ Ke7 27.
Qd1 Bf6 28. Qd2 Kf7 29. Qb4 b6 30. Qa4 Rc7 31. Qb4 d4 32. Rh8 Qe7 33. Qb5 Qe5
34. Qe2 g6 35. Rb8 Bg5 36. g3 d3 37. Qe1 Qb5 38. f4 Bf6 39. g4 Bd4+ 40. Kg2 Rc2+
41. Kh3 d2 42. Rb7+ Ke6 43. Qa1 Qd3+ 44. Kh4 Bf6+ 45. g5 e3 0-1

[Event "40th Olympiad Women"]
[Site "Istanbul TUR"]
[Date "2012.09.01"]
[Round "5.18"]
[Board "2"]
[White "Gevorgyan, Irina"]
[Black "Franco Valencia, Beatriz Irene"]
[Result "1/2-1/2"]
[WhiteTitle "WFM"]
[BlackTitle "WFM"]
[WhiteElo "2178"]
[BlackElo "2253"]
[WhiteTeam "Uzbekistan"]
[BlackTeam "Colombia"]
[WhiteFideId "14201437"]
[BlackFideId "4402618"]
[EventDate "2012.08.28"]

1. Nf3 d5 2. d4 Nf6 3. c4 dxc4 4. e3 e6 5. Bxc4 c5 6. O-O a6 7. a4 Nc6 8. Qe2
cxd4 9. Rd1 Be7 10. exd4 O-O 11. Nc3 Nd5 12. Bb3 Ncb4 13. Ne5 b6 14. Qg4 f5 15.
Qe2 Bf6 16. Be3 Bb7 17. Nf3 Qe7 18. Rac1 Rfe8 19. Nxd5 Bxd5 20. Bxd5 exd5 21.
Qd2 Rac8 22. Bf4 a5 23. Be5 Na2 24. Rxc8 Rxc8 25. Qf4 Qe6 26. h4 Nb4 27. h5 h6
28. Bxf6 Qxf6 29. Nh4 Re8 30. Nxf5 Re4 31. Qf3 Qg5 32. Nd6 Rf4 33. Qe2 Rf8 34.
Re1 Qf4 35. Nb5 Nd3 36. Rf1 Qe4 37. Qxe4 dxe4 38. b3 Rf5 39. Nd6 Rd5 40. Nc8
Rxd4 41. Nxb6 Rb4 42. Nc4 Rxb3 43. Ra1 Rb4 44. Nxa5 Nb2 45. Rb1 Rxa4 46. Rxb2
Rxa5 47. Rb4 Rxh5 48. Rxe4 1/2-1/2

[Event "40th Olympiad Women"]
[Site "Istanbul TUR"]
[Date "2012.09.01"]
[Round "5.18"]
[Board "4"]
[White "Kurbonboyeva, Sarvinoz"]
[Black "Castrillon Gomez, Melissa"]
[Result "1/2-1/2"]
[BlackTitle "WFM"]
[WhiteElo "2143"]
[BlackElo "2181"]
[WhiteTeam "Uzbekistan"]
[BlackTeam "Colombia"]
[WhiteFideId "14201780"]
[BlackFideId "4402413"]
[EventDate "2012.08.28"]

1. d4 f5 2. g3 g6 3. Bg2 Bg7 4. Nf3 Nf6 5. O-O O-O 6. b3 d6 7. Bb2 c6 8. c4 e5
9. dxe5 Ng4 10. Nc3 dxe5 11. e4 fxe4 12. Nxe4 Bf5 13. Qe2 Nd7 14. h3 Nh6 15.
Rad1 Bxe4 16. Qxe4 Qc7 17. Rfe1 Rae8 18. Qc2 Nc5 19. b4 Nd7 20. c5 Nf7 21. Qb3
Kh8 22. Nd2 Nf6 23. Nc4 Nh5 24. Re2 Rd8 25. Rde1 Rfe8 26. f4 Qd7 27. Nxe5 Nxe5
28. Bxe5 Bxe5 29. fxe5 Qd3 30. Qxd3 Rxd3 31. Re3 Rd2 32. a3 Kg7 33. Rf1 g5 34.
Rc1 a6 35. a4 Rb2 36. Rc4 Rd8 37. e6 Rd1+ 38. Bf1 Rbb1 39. Rf3 Nxg3 40. Rxg3
Rxf1+ 41. Kg2 Rg1+ 42. Kh2 Rxg3 43. Kxg3 Rb3+ 44. Kg2 Re3 45. Rd4 Kf6 46. Rd7
Re4 47. Rxb7 Kxe6 48. b5 axb5 49. axb5 cxb5 1/2-1/2

[Event "40th Olympiad Women"]
[Site "Istanbul TUR"]
[Date "2012.09.01"]
[Round "5.19"]
[Board "1"]
[White "Peng, Zhaoqin"]
[Black "Baklanova, Tatiana"]
[Result "1-0"]
[WhiteTitle "GM"]
[BlackTitle "WIM"]
[WhiteElo "2411"]
[BlackElo "2220"]
[WhiteTeam "Netherlands"]
[BlackTeam "ICSC"]
[WhiteFideId "1004786"]
[BlackFideId "14100754"]
[EventDate "2012.08.28"]

1. d4 f5 2. Bg5 d5 3. e3 Nf6 4. Bxf6 exf6 5. c4 Be6 6. Qb3 b6 7. Nc3 dxc4 8.
Bxc4 Bxc4 9. Qxc4 c6 10. Qe6+ Be7 11. Qxf5 O-O 12. Nge2 Qd6 13. O-O g6 14. Qf3
f5 15. d5 Nd7 16. Rfd1 Ne5 17. Qg3 c5 18. Nb5 Qf6 19. d6 Bd8 20. Nf4 Nd7 21. Qf3
Rb8 22. Nxa7 Qxb2 23. Nc6 Bf6 24. Qd5+ Kh8 25. Rab1 Qa3 26. Nxb8 Rxb8 27. Qf7
Qa4 28. Ne6 Ra8 29. h3 c4 30. Rbc1 c3 31. Rd4 Qa3 32. Rh4 Qxc1+ 33. Kh2 h5 34.
Qxg6 Qd1 35. Rxh5+ Qxh5 36. Qxh5+ Kg8 37. Qg6+ Kh8 38. Qxf5 Rc8 39. Nc7 Be5+ 40.
f4 c2 41. Qxd7 c1=Q 42. Qxc8+ Kh7 43. Qf5+ Kh6 44. Qxe5 1-0

[Event "40th Olympiad Women"]
[Site "Istanbul TUR"]
[Date "2012.09.01"]
[Round "5.19"]
[Board "2"]
[White "Mucha, Annegret"]
[Black "Lanchava, Tea"]
[Result "0-1"]
[WhiteTitle "WCM"]
[BlackTitle "IM"]
[WhiteElo "2023"]
[BlackElo "2351"]
[WhiteTeam "ICSC"]
[BlackTeam "Netherlands"]
[WhiteFideId "24622788"]
[BlackFideId "1005308"]
[EventDate "2012.08.28"]

1. e4 g6 2. d4 Bg7 3. Nc3 c6 4. Nf3 d6 5. Be2 Nf6 6. O-O O-O 7. h3 Nbd7 8. Bf4
Qa5 9. Qd2 e5 10. dxe5 dxe5 11. Bg5 Re8 12. Rfd1 b5 13. Nd5 Qxd2 14. Nxf6+ Bxf6
15. Rxd2 Bxg5 16. Nxg5 h6 17. Nf3 Nc5 18. Rd6 Bb7 19. Bd3 Kf8 20. b4 Na6 21. Rd7
Bc8 22. Rd6 Nxb4 23. c4 Ke7 24. c5 f6 25. a3 Nxd3 26. Rxd3 Be6 27. Rd6 Rac8 28.
Kf1 a5 29. Rb1 Red8 30. Rdd1 Bc4+ 31. Ke1 Bd3 32. Rb3 Bxe4 33. Re3 Rxd1+ 34.
Kxd1 Rd8+ 35. Kc1 Bxf3 36. Rxf3 Rd4 0-1

[Event "40th Olympiad Women"]
[Site "Istanbul TUR"]
[Date "2012.09.01"]
[Round "5.19"]
[Board "3"]
[White "Schut, Lisa"]
[Black "Botalova, Yulia"]
[Result "1-0"]
[WhiteTitle "WIM"]
[BlackTitle "WFM"]
[WhiteElo "2305"]
[BlackElo "1949"]
[WhiteTeam "Netherlands"]
[BlackTeam "ICSC"]
[WhiteFideId "1019481"]
[BlackFideId "24132535"]
[EventDate "2012.08.28"]

1. e4 e6 2. d4 d5 3. Nc3 Nf6 4. Bg5 Be7 5. e5 Nfd7 6. Bxe7 Qxe7 7. f4 a6 8. Qg4
O-O 9. Nf3 c5 10. Bd3 f5 11. exf6 Nxf6 12. Qh4 Nc6 13. dxc5 Qxc5 14. O-O-O Nb4
15. Kb1 Nxd3 16. Rxd3 Bd7 17. g4 Rac8 18. Rc1 Qc7 19. g5 Ne4 20. Ne5 Nxc3+ 21.
Rxc3 Bc6 22. Rh3 g6 23. Nxg6 Rf5 24. Ne5 Rcf8 25. Qh6 Re8 26. g6 1-0

[Event "40th Olympiad Women"]
[Site "Istanbul TUR"]
[Date "2012.09.01"]
[Round "5.19"]
[Board "4"]
[White "Myronenko, Natalya"]
[Black "Haast, Anne"]
[Result "0-1"]
[BlackTitle "WIM"]
[WhiteElo "1891"]
[BlackElo "2235"]
[WhiteTeam "ICSC"]
[BlackTeam "Netherlands"]
[WhiteFideId "14124530"]
[BlackFideId "1017292"]
[EventDate "2012.08.28"]

1. e4 c5 2. Nf3 e6 3. d4 cxd4 4. Nxd4 Nc6 5. Nb5 d6 6. c4 Nf6 7. N1c3 a6 8. Na3
b6 9. Be2 Bb7 10. O-O Be7 11. Be3 O-O 12. f3 Re8 13. Qd2 d5 14. cxd5 exd5 15.
exd5 Na5 16. Rfd1 Bb4 17. Bg5 Qd6 18. Kh1 Bxc3 19. bxc3 Qxa3 20. Bxf6 gxf6 21.
Bd3 Qf8 22. c4 Rac8 23. Rdc1 Qg7 24. Qb4 Re3 25. Bf1 Qg5 26. Qxb6 Ra3 27. Qb4
Rxa2 28. Rd1 Rxc4 29. Qb6 Rcc2 30. Rxa2 Rxa2 31. d6 Rd2 32. d7 Rxd1 33. d8=Q+
Rxd8 34. Qxd8+ Kg7 35. Qb6 Qd5 36. h3 Nb3 37. Bxa6 Bxa6 38. Qxa6 Qe5 39. Qc4 Nd4
40. Kg1 Nxf3+ 0-1

[Event "40th Olympiad Women"]
[Site "Istanbul TUR"]
[Date "2012.09.01"]
[Round "5.20"]
[Board "1"]
[White "Ziaziulkina, Nastassia"]
[Black "Franciskovic, Borka"]
[Result "1-0"]
[WhiteTitle "WGM"]
[BlackTitle "WIM"]
[WhiteElo "2342"]
[BlackElo "2258"]
[WhiteTeam "Belarus"]
[BlackTeam "Croatia"]
[WhiteFideId "13505211"]
[BlackFideId "14507943"]
[EventDate "2012.08.28"]

1. e4 c6 2. d4 d5 3. f3 dxe4 4. fxe4 e5 5. Nf3 Bg4 6. c3 Nd7 7. Bd3 Ngf6 8. O-O
Bd6 9. h3 Bxf3 10. Qxf3 O-O 11. Be3 Qc7 12. Nd2 b5 13. a4 a6 14. Kh1 Rab8 15.
Ra2 c5 16. axb5 axb5 17. dxc5 Bxc5 18. Bg5 Rb6 19. Rfa1 Rfb8 20. Ra7 R8b7 21.
R7a5 h6 22. Bh4 Nf8 23. Nb3 Be7 24. Bf2 Re6 25. Rxb5 Rxb5 26. Bxb5 Qb7 27. Bc4
Nxe4 28. Bxe6 Nxe6 29. Ra7 Qxb3 30. Qxe4 Bf8 31. Qf5 Nf4 32. Be3 Ng6 33. Rd7 e4
34. Qd5 Qxb2 35. Qxf7+ Kh7 36. Bd4 Qb1+ 37. Kh2 Qb8+ 38. Kg1 Qb1+ 39. Qf1 Qc2
40. Rc7 Nh4 41. Rf7 e3 42. Rxf8 e2 43. Qe1 Qe4 44. Rf2 1-0

[Event "40th Olympiad Women"]
[Site "Istanbul TUR"]
[Date "2012.09.01"]
[Round "5.20"]
[Board "3"]
[White "Stetsko, Lanita"]
[Black "Medic, Mirjana"]
[Result "1-0"]
[WhiteTitle "FM"]
[BlackTitle "WGM"]
[WhiteElo "2130"]
[BlackElo "2185"]
[WhiteTeam "Belarus"]
[BlackTeam "Croatia"]
[WhiteFideId "13505300"]
[BlackFideId "14501619"]
[EventDate "2012.08.28"]

1. e4 e6 2. d4 d5 3. e5 c5 4. c3 Nc6 5. Nf3 Qb6 6. a3 c4 7. Nbd2 Na5 8. g3 Bd7
9. h4 Ne7 10. Bh3 h6 11. h5 O-O-O 12. O-O Kb8 13. Nh2 Nf5 14. Qf3 g6 15. Re1 Be7
16. Ndf1 Nb3 17. Rb1 Nxc1 18. Rexc1 Rdf8 19. Ng4 Ba4 20. Nf6 Qd8 21. Nd2 Ka8 22.
Bg2 Bc6 23. b3 cxb3 24. Nxb3 gxh5 25. Nxh5 Rhg8 26. Rc2 Qc7 27. Rcb2 Rg5 28. Nc1
Bxa3 29. Ra2 Be7 30. Nd3 b6 31. Nb4 Bxb4 32. Rxb4 Rc8 33. Nf6 Bb7 34. Qd3 Qxc3
35. Rxa7+ Kxa7 36. Ra4+ Qa5 37. Rxa5+ bxa5 38. Qb5 Rc1+ 39. Kh2 Nxd4 40. Qxa5+
Kb8 41. f4 Rg6 42. Qd8+ Ka7 43. Nd7 Nc6 44. Qb6+ Ka8 45. Qb2 Rc4 46. Qa3+ 1-0

[Event "40th Olympiad Women"]
[Site "Istanbul TUR"]
[Date "2012.09.01"]
[Round "5.20"]
[Board "4"]
[White "Jelica, Mara"]
[Black "Nevioselaya, Maria"]
[Result "0-1"]
[WhiteTitle "WIM"]
[WhiteElo "2258"]
[BlackElo "2057"]
[WhiteTeam "Croatia"]
[BlackTeam "Belarus"]
[WhiteFideId "14504111"]
[BlackFideId "13502280"]
[EventDate "2012.08.28"]

1. e4 e5 2. Nc3 Nf6 3. Nf3 Nc6 4. Bb5 Bd6 5. O-O O-O 6. d3 h6 7. h3 Re8 8. a4
Bf8 9. Nh2 d5 10. exd5 Nxd5 11. Bxc6 bxc6 12. Ne4 f5 13. Ng3 Bc5 14. Qh5 Nb4 15.
Bxh6 gxh6 16. Qg6+ Kf8 17. Qxh6+ Kf7 18. Qh7+ Kf8 19. Nxf5 Bxf5 20. Qxf5+ Kg7
21. d4 Bd6 22. Ra3 e4 23. f4 Qh4 24. g3 Qf6 25. Qg4+ Kf8 26. Rc3 Nd5 27. Rb3
Qxd4+ 28. Kh1 Ne3 29. Rxe3 Qxe3 30. Qg6 Qd4 31. Ng4 Qg7 32. Qf5+ Qf7 33. Qg5 e3
34. Kh2 e2 35. Re1 Re7 36. Nh6 Qd5 37. Qf6+ Ke8 38. Qg6+ Kd8 39. Qg4 Qd2 40.
Nf7+ Rxf7 41. Rxe2 Qd5 42. c4 Qf5 43. Qg8+ Rf8 44. Qg7 Rb8 45. Qd4 Rb3 46. Qxa7
Bxf4 47. Qd4+ Bd6 48. c5 Qxc5 49. Qh4+ Kc8 0-1

[Event "40th Olympiad Women"]
[Site "Istanbul TUR"]
[Date "2012.09.01"]
[Round "5.21"]
[Board "1"]
[White "Cori T., Deysi"]
[Black "Bjerke, Silje"]
[Result "1/2-1/2"]
[WhiteTitle "WGM"]
[BlackTitle "WIM"]
[WhiteElo "2413"]
[BlackElo "2235"]
[WhiteTeam "Peru"]
[BlackTeam "Norway"]
[WhiteFideId "3801934"]
[BlackFideId "1502786"]
[EventDate "2012.08.28"]

1. d4 Nf6 2. Nf3 g6 3. c4 Bg7 4. g3 O-O 5. Bg2 d6 6. O-O Nc6 7. Nc3 a6 8. h3 Bd7
9. e4 e5 10. d5 Nd4 11. Nxd4 exd4 12. Qxd4 Qc8 13. Bg5 Ng4 14. Qd2 Ne5 15. b3
Bxh3 16. f4 Bxg2 17. Kxg2 Ng4 18. f5 h6 19. Be3 Qe8 20. Bd4 Bxd4 21. Qxd4 Qe5
22. Qd3 h5 23. Rf3 Qe7 24. Qd2 Rae8 25. Raf1 b5 26. f6 Qd7 27. Rf4 Kh7 28. Rh1
Re5 29. Qe2 b4 30. Nb1 Rg5 31. Nd2 Ne5 32. Qe3 Ng4 33. Qe2 Ne5 34. Nf1 Ng4 35.
Qd2 a5 36. Qe2 Re8 37. Nd2 Ne5 38. Qe3 Ng4 39. Qa7 Ne5 40. Qe3 Ng4 41. Qe2 Ne5
42. Nf1 Ng4 43. Rh4 Qc8 44. Nd2 Ne5 45. Qe3 Qb8 46. Rf1 Rg4 47. Rxg4 Nxg4 48.
Qf4 Qb6 49. Rh1 Qe3 50. Qxe3 Nxe3+ 51. Kf3 Ng4 52. Rc1 Nxf6 53. c5 Nd7 54. cxd6
cxd6 55. Nc4 Rc8 56. Rd1 Ne5+ 57. Nxe5 dxe5 58. d6 Rd8 59. Rd5 f6 60. Ke3 Kg7
61. Kd3 Kf7 62. Kc4 Ke6 63. Rxa5 Rxd6 64. Kxb4 Rd4+ 65. Kc5 Rxe4 66. b4 Re2 67.
Ra6+ Kf5 68. b5 Rc2+ 69. Kd6 e4 70. b6 e3 71. Ra5+ Kg4 72. Ra3 e2 73. Re3 Rxa2
74. b7 Rb2 75. Kc7 g5 76. b8=Q Rxb8 77. Kxb8 e1=Q 78. Rxe1 Kxg3 79. Rf1 h4 80.
Rxf6 h3 81. Kc7 h2 82. Rh6 Kg2 83. Kd6 g4 84. Ke5 g3 85. Kf4 h1=Q 86. Rxh1 Kxh1
87. Ke4 1/2-1/2

[Event "40th Olympiad Women"]
[Site "Istanbul TUR"]
[Date "2012.09.01"]
[Round "5.21"]
[Board "2"]
[White "Hagesaether, Ellen"]
[Black "Aliaga Fernandez, Ingrid Y"]
[Result "0-1"]
[WhiteTitle "WIM"]
[BlackTitle "WFM"]
[WhiteElo "2230"]
[BlackElo "2169"]
[WhiteTeam "Norway"]
[BlackTeam "Peru"]
[WhiteFideId "1501909"]
[BlackFideId "3802191"]
[EventDate "2012.08.28"]

1. e4 c5 2. Nf3 e6 3. d3 Nc6 4. Nbd2 d5 5. g3 g6 6. Bg2 Bg7 7. O-O Nge7 8. Re1
O-O 9. e5 Qc7 10. Qe2 b6 11. Nf1 h6 12. h4 Nd4 13. Nxd4 cxd4 14. Nh2 Nf5 15. Nf3
h5 16. b3 Bd7 17. Bb2 Rfc8 18. Rac1 Bh6 19. Nxd4 Nxd4 20. Bxd4 Bxc1 21. Rxc1 b5
22. b4 a5 23. a3 axb4 24. axb4 Ra2 25. Bc5 Qd8 26. Qe3 Kg7 27. Bf3 Be8 28. Kg2
Bc6 29. c3 Rca8 30. Bd6 R2a6 31. Qd4 Kg8 32. g4 Qxh4 33. Rh1 Qg5 34. Kg3 Ra1 35.
Rxa1 Rxa1 36. Qb6 hxg4 37. Bg2 Rd1 38. Qd4 Qf5 39. Qb6 Rxd3+ 40. Kh2 Qf4+ 41.
Kg1 Rd1+ 42. Bf1 g3 43. Qd8+ Kh7 44. Bc5 gxf2+ 0-1

[Event "40th Olympiad Women"]
[Site "Istanbul TUR"]
[Date "2012.09.01"]
[Round "5.21"]
[Board "3"]
[White "Casusol, Cecilia"]
[Black "Sahl, Sheila Barth"]
[Result "0-1"]
[BlackTitle "WIM"]
[WhiteElo "2030"]
[BlackElo "2235"]
[WhiteTeam "Peru"]
[BlackTeam "Norway"]
[WhiteFideId "3803163"]
[BlackFideId "1500953"]
[EventDate "2012.08.28"]

1. e4 c5 2. Nf3 e6 3. d4 cxd4 4. Nxd4 Nc6 5. c4 Qc7 6. Nc3 a6 7. Be3 d6 8. Be2
Nf6 9. O-O Be7 10. Kh1 Bd7 11. f4 O-O 12. Rc1 Rac8 13. Qe1 Qb8 14. Qg3 Ne8 15.
Nf3 Na5 16. b3 b5 17. cxb5 axb5 18. Bd3 b4 19. Ne2 Rxc1 20. Nxc1 Bb5 21. f5 Bxd3
22. Nxd3 Qb5 23. Rd1 e5 24. Qe1 Nc6 25. Nb2 Nf6 26. Bg5 Rd8 27. Nc4 Qb8 28. Bxf6
Bxf6 29. Ne3 Rd7 30. Nd5 Bd8 31. Rc1 Qb7 32. Rc4 Ne7 33. Nxe7+ Bxe7 34. Qxb4 Qa8
35. Qb5 Ra7 36. a4 g6 37. fxg6 hxg6 38. Rb4 Kg7 39. Qb8 Qxb8 40. Rxb8 f5 41. Nd2
fxe4 42. Nxe4 d5 43. Nc3 Rc7 44. Ne2 Rc2 45. Ng1 Bc5 46. b4 Bd4 47. Rd8 Rc1 48.
h4 Rxg1+ 49. Kh2 Rb1 50. Rxd5 Rxb4 51. a5 Ra4 52. Kg3 Kf6 53. Kf3 Ra3+ 54. Kg4
Bf2 55. Rd6+ Kg7 56. Rd7+ Kh6 57. h5 Rg3+ 0-1

[Event "40th Olympiad Women"]
[Site "Istanbul TUR"]
[Date "2012.09.01"]
[Round "5.21"]
[Board "4"]
[White "Hansen, Erle Andrea Marki"]
[Black "Sanchez Zambrano, Vanessa"]
[Result "0-1"]
[WhiteElo "1861"]
[BlackElo "1858"]
[WhiteTeam "Norway"]
[BlackTeam "Peru"]
[WhiteFideId "1508229"]
[BlackFideId "3804925"]
[EventDate "2012.08.28"]

1. d4 Nf6 2. c4 g6 3. g3 Bg7 4. Bg2 d6 5. Nc3 O-O 6. Nf3 c6 7. h3 Qa5 8. Bd2
Nbd7 9. O-O Qa6 10. b3 e5 11. e4 exd4 12. Nxd4 Re8 13. Bf4 Ne5 14. Nde2 Bf8 15.
Bg5 Nh5 16. g4 Ng7 17. Ng3 Ne6 18. Be3 Qa5 19. Qc2 Nc5 20. f4 Ned7 21. Rab1 Ne6
22. b4 Qd8 23. Rbd1 Qh4 24. Qf2 Bg7 25. Nce2 a5 26. a3 axb4 27. axb4 Ra3 28.
Rxd6 Bf8 29. Rdd1 Bxb4 30. Kh2 Nec5 31. g5 Nd3 32. Qg1 N7c5 33. e5 Bg4 34. Nd4
Ra2 35. Rf2 Nxf2 36. Bxf2 Bxd1 37. Qxd1 Rxf2 38. Nf3 Qxf4 39. Qg1 Qxf3 0-1

[Event "40th Olympiad Women"]
[Site "Istanbul TUR"]
[Date "2012.09.01"]
[Round "5.22"]
[Board "2"]
[White "Algildah, Nibal"]
[Black "Kaya, Emel"]
[Result "1/2-1/2"]
[WhiteTitle "WIM"]
[BlackTitle "WCM"]
[WhiteElo "1881"]
[BlackElo "1974"]
[WhiteTeam "Syria"]
[BlackTeam "Turkey"]
[WhiteFideId "7600950"]
[BlackFideId "6306411"]
[EventDate "2012.08.28"]

1. d4 Nf6 2. Nf3 g6 3. g3 Bg7 4. Bg2 c5 5. c4 cxd4 6. Nxd4 Nc6 7. Nxc6 bxc6 8.
Nc3 O-O 9. O-O Rb8 10. Qc2 Qc7 11. e4 d6 12. Bd2 Nd7 13. Rac1 Nc5 14. b4 Ne6 15.
Ne2 a5 16. a3 axb4 17. axb4 Ba6 18. Rfe1 Qb6 19. Rb1 Nd4 20. Nxd4 Bxd4 21. Be3
Bxe3 22. Rxe3 Qd4 23. Bf1 Rfc8 24. Qc3 Qxc3 25. Rxc3 Rb6 26. c5 dxc5 27. Bxa6
Rxa6 28. Rxc5 Rb6 29. f3 Rcb8 30. Rc4 h5 31. Kf2 c5 32. Rxc5 Rxb4 33. Rbc1 Rb2+
34. R1c2 Kg7 35. Rc7 Rxc2+ 36. Rxc2 Rb3 37. h4 e6 38. Re2 Kf6 39. Re3 Rb2+ 40.
Re2 Rb3 41. Re3 Rb2+ 42. Re2 Rb3 1/2-1/2

[Event "40th Olympiad Women"]
[Site "Istanbul TUR"]
[Date "2012.09.01"]
[Round "5.22"]
[Board "4"]
[White "Stef, Shirin"]
[Black "Menzi, Nezihe Ezgi"]
[Result "0-1"]
[WhiteElo "1942"]
[BlackElo "1876"]
[WhiteTeam "Syria"]
[BlackTeam "Turkey"]
[WhiteFideId "7602030"]
[BlackFideId "6310060"]
[EventDate "2012.08.28"]

1. d4 Nf6 2. Nc3 d5 3. Nf3 g6 4. Bg5 Bg7 5. h4 Ne4 6. e3 c5 7. Bb5+ Bd7 8. Bxd7+
Qxd7 9. Nxe4 dxe4 10. Ne5 Qc7 11. Bf4 cxd4 12. Qxd4 O-O 13. Qxe4 Qa5+ 14. Ke2
Na6 15. Nd3 Rac8 16. c3 Nc5 17. Nxc5 Qxc5 18. Rab1 e5 19. Bg3 f5 20. Qc2 f4 21.
Bh2 fxe3 22. fxe3 Qc4+ 23. Qd3 Qg4+ 24. Ke1 Rcd8 25. Qe2 Qxh4+ 26. g3 Qe4 0-1

[Event "40th Olympiad Women"]
[Site "Istanbul TUR"]
[Date "2012.09.01"]
[Round "5.23"]
[Board "2"]
[White "Mkrtchian, Lilit"]
[Black "Hegarty, Sarah N"]
[Result "1-0"]
[WhiteTitle "IM"]
[BlackTitle "WFM"]
[WhiteElo "2454"]
[BlackElo "2120"]
[WhiteTeam "Armenia"]
[BlackTeam "England"]
[WhiteFideId "13300601"]
[BlackFideId "2501465"]
[EventDate "2012.08.28"]

1. c4 Nf6 2. Nc3 c5 3. Nf3 Nc6 4. g3 g6 5. Bg2 Bg7 6. d4 cxd4 7. Nxd4 O-O 8. O-O
Nxd4 9. Qxd4 d6 10. Qd3 Nd7 11. b3 Nc5 12. Qd2 a5 13. Bb2 Be6 14. Rab1 Qd7 15.
Rfd1 Rfd8 16. Qf4 Rac8 17. h4 Be5 18. Qe3 Qe8 19. Nd5 Bxb2 20. Rxb2 Bxd5 21.
Bxd5 Qf8 22. Rbd2 Re8 23. h5 Qg7 24. Rd4 gxh5 25. Rh4 e6 26. Bf3 Kf8 27. Rxd6
Ke7 28. Rd1 b6 29. Rxh5 Red8 30. Rhd5 Qf6 31. a3 Kf8 32. Rxd8+ Rxd8 33. Rxd8+
Qxd8 34. b4 axb4 35. axb4 Na6 36. Qh6+ Ke8 37. Bc6+ Ke7 38. Qh4+ f6 39. Qxh7+
Kd6 40. Qd3+ Kc7 41. Qxd8+ Kxd8 42. b5 Nc5 43. g4 Ke7 44. f4 e5 45. Kf2 exf4 46.
Kf3 Ne6 47. Ke4 Ng5+ 48. Kxf4 Ne6+ 49. Ke4 Ng5+ 50. Kf5 Nf7 51. Bd5 Nd6+ 52. Kf4
Ne8 53. e4 Kd6 54. Kf5 Ke7 55. e5 1-0

[Event "40th Olympiad Women"]
[Site "Istanbul TUR"]
[Date "2012.09.01"]
[Round "5.23"]
[Board "3"]
[White "Chevannes, Sabrina L"]
[Black "Kursova, Maria"]
[Result "1/2-1/2"]
[WhiteTitle "WFM"]
[BlackTitle "WGM"]
[WhiteElo "2090"]
[BlackElo "2338"]
[WhiteTeam "England"]
[BlackTeam "Armenia"]
[WhiteFideId "411280"]
[BlackFideId "4129709"]
[EventDate "2012.08.28"]

1. d4 Nf6 2. Nf3 e6 3. c3 c5 4. Bg5 Be7 5. Nbd2 b6 6. e4 cxd4 7. cxd4 h6 8. Be3
O-O 9. Bd3 Ba6 10. Qe2 Bxd3 11. Qxd3 d5 12. e5 Nh7 13. O-O Nc6 14. a3 Qd7 15.
Ne1 Rac8 16. b4 f5 17. f4 a5 18. b5 Na7 19. a4 Bb4 20. Nb1 Rc4 21. Nc2 Be7 22.
Rf3 Rfc8 23. Ra2 Nf8 24. Bd2 Qe8 25. Ne3 R4c7 26. Rh3 Bb4 27. Nc2 Be7 28. Ne3
Ng6 29. Rf3 Nh4 30. Rf2 Qh5 31. Rf1 Bf8 32. Nc3 Qf7 33. Ne2 Ng6 34. g3 Qe8 35.
Rb1 Rb7 36. Rc2 Rxc2 37. Qxc2 Be7 38. Rc1 Bd8 39. Qb3 Ne7 40. Rc3 Qh5 41. Qd1
Rc7 1/2-1/2

[Event "40th Olympiad Women"]
[Site "Istanbul TUR"]
[Date "2012.09.01"]
[Round "5.24"]
[Board "1"]
[White "Cmilyte, Viktorija"]
[Black "Hamza, Amira"]
[Result "1-0"]
[WhiteTitle "GM"]
[BlackTitle "WCM"]
[WhiteElo "2520"]
[BlackElo "1840"]
[WhiteTeam "Lithuania"]
[BlackTeam "Algeria"]
[WhiteFideId "12801259"]
[BlackFideId "7901160"]
[EventDate "2012.08.28"]

1. d4 Nf6 2. c4 g6 3. Nc3 d5 4. cxd5 Nxd5 5. Bd2 Bg7 6. e4 Nxc3 7. Bxc3 c5 8. d5
O-O 9. Bc4 Bxc3+ 10. bxc3 Qa5 11. Qd2 Nd7 12. Ne2 b6 13. f4 Ba6 14. Bxa6 Qxa6
15. O-O Nf6 16. Ng3 Rad8 17. f5 Kg7 18. Rf4 g5 19. Rf3 h6 20. Re1 b5 21. Rd3 Qb6
22. Kh1 Ng4 23. e5 c4 24. Rd4 Rxd5 25. Rxd5 Nf2+ 26. Kg1 Nh3+ 27. Kf1 Qg1+ 28.
Ke2 Qxg2+ 29. Kd1 Nf2+ 30. Kc1 Qxh2 31. f6+ exf6 32. exf6+ Kh7 33. Ne4 Ng4 34.
Qxh2 Nxh2 35. Rh1 1-0